000
00164nam a2200073Ia 4500
008
170620s9999 xx 000 0 und d
100
_a
KAPOOR- ND
245
0
_a
BUSINESS LAW
260
_b
SULTAN CHAND
999
_c
30157
_d
30157